000 01151nam a2200301 a 4500
001 BRCA_8080
005 20190320210125.0
008 030414s1940----mx-a###f##---#000-0#spa-#
041 _aspa
044 _amx
050 4 _aF1391
_b.W38 1940
100 1 _aWuthenau, Alexander von
_917413
245 1 0 _aTepotzotlán arte y color en México = Tepotzotlan kunst un farbe in Mexik
_cAlexander von Wuthenau ; fotografías a color de Berthold von Stetten ; ilustraciones y grabados en blanco y negro por Rachelle von Wuthenau.
260 _aMéxico
_bStetten Fotocolor
_c1940
300 _aiv, 13 p.
_bil. (algunas a color) 16 láminas
_c36 cm.
440 0 _aArte y color en México
_v1
_920082
500 _aEjemplar igual al Núm. de Sist. 6999
500 _aY112
546 _aTexto en: español y alemán
650 1 4 _aArte
_zTepotzotlán, México (Estado)
_917415
650 1 4 _aArte colonial
_97904
650 1 4 _aConventos y monasterios
_zMéxico
_99892
651 4 _aTepotzotlán, México (Estado)
_xDescripción
_917416
700 1 _aStetten, Berthold von
_917417
700 1 _aWuthenau, Rachelle von
_917418
902 _aGFM
942 _2lcc
_cB
999 _c7748
_d7748